Schaum's outline of theory and problems of programming with Java / (Record no. 514)
[ view plain ]
| 000 -LEADER | |
|---|---|
| fixed length control field | 01049nam a22003255a 4500 |
| 005 - DATE AND TIME OF LATEST TRANSACTION | |
| control field | 20150818105425.0 |
| 008 - FIXED-LENGTH DATA ELEMENTS--GENERAL INFORMATION | |
| fixed length control field | 100906t1999 ii a|||fr|||| 001 0 eng d |
| 010 ## - LIBRARY OF CONGRESS CONTROL NUMBER | |
| LC control number | 98029979 |
| 020 ## - INTERNATIONAL STANDARD BOOK NUMBER | |
| International Standard Book Number | 0071342109 |
| 020 ## - INTERNATIONAL STANDARD BOOK NUMBER | |
| International Standard Book Number | 0071163654 |
| 020 ## - INTERNATIONAL STANDARD BOOK NUMBER | |
| International Standard Book Number | 9780071163651 |
| 040 ## - CATALOGING SOURCE | |
| Original cataloging agency | EG-ScBUE |
| Language of cataloging | eng |
| Transcribing agency | EG-ScBUE |
| 082 04 - DEWEY DECIMAL CLASSIFICATION NUMBER | |
| Classification number | 005.133 |
| Item number | HUB |
| Edition number | 22 |
| 100 1# - MAIN ENTRY--PERSONAL NAME | |
| Personal name | Hubbard, John. R. |
| 9 (RLIN) | 18091 |
| 245 10 - TITLE STATEMENT | |
| Title | Schaum's outline of theory and problems of programming with Java / |
| Statement of responsibility, etc | John R. Hubbard. |
| 246 30 - VARYING FORM OF TITLE | |
| Title proper/short title | Theory and problems of programming with Java |
| 246 30 - VARYING FORM OF TITLE | |
| Title proper/short title | Programming with Java |
| 246 30 - VARYING FORM OF TITLE | |
| Title proper/short title | Programming with Java |
| 250 ## - EDITION STATEMENT | |
| Edition statement | International ed. |
| 260 ## - PUBLICATION, DISTRIBUTION, ETC. (IMPRINT) | |
| Place of publication, distribution, etc | New Delhi : |
| Name of publisher, distributor, etc | McGraw-Hill, |
| Date of publication, distribution, etc | c.1999. |
| 300 ## - PHYSICAL DESCRIPTION | |
| Extent | vii, 257 p. : |
| Other physical details | ill. ; |
| Dimensions | 28 cm. |
| 490 ## - Series Statement | |
| Series statement | Schaum's outline series |
| 500 ## - GENERAL NOTE | |
| General note | Index : p. 248-257. |
| 504 ## - BIBLIOGRAPHY, ETC. NOTE | |
| Bibliography, etc | Bibliography : p. 246-247. |
| 590 ## - LOCAL NOTE (RLIN) | |
| Local note | yassmeen ashraf. |
| 650 #0 - SUBJECT ADDED ENTRY--TOPICAL TERM | |
| Topical term or geographic name as entry element | Java (Computer program language) |
| 9 (RLIN) | 18093 |
| Source of heading or term | BUEsh |
| 651 ## - SUBJECT ADDED ENTRY--GEOGRAPHIC NAME | |
| Source of heading or term | BUEsh |
| 653 ## - INDEX TERM--UNCONTROLLED | |
| Resource For college | Informatics and Computer Science |
| Arrived date list | August2015 |
| 942 ## - ADDED ENTRY ELEMENTS (KOHA) | |
| Item type | Book - Borrowing |
| Call number prefix | 005.133 HUB |
| Source of classification or shelving scheme | Dewey Decimal Classification |
| Withdrawn status | Item status | Source of classification or shelving scheme | Damaged status | Not for loan | Vendor | Home library | Current library | Shelving location | Date acquired | Source of acquisition | Total Checkouts | Total Renewals | Full call number | Barcode | Date last seen | Date last borrowed | Koha item type |
|---|---|---|---|---|---|---|---|---|---|---|---|---|---|---|---|---|---|
| Dewey Decimal Classification | Central Library | Central Library | Lower Floor | 06/06/2016 | 3 | 20 | 005.133 HUB | 000004105 | 15/07/2025 | 12/10/2015 | Book - Borrowing |